[Event "Reykjavik Open 2013"]
[Site "Reykjavik ISL"]
[Date "2013.02.22"]
[Round "5.14"]
[White "Schreiner, Peter"]
[Black "Solak, Dragan"]
[Result "0-1"]
[WhiteTitle "IM"]
[BlackTitle "GM"]
[WhiteElo "2439"]
[BlackElo "2603"]
[WhiteFideId "1621645"]
[BlackFideId "916811"]
[EventDate "2013.02.19"]

1. d4 Nf6 2. c4 g6 3. g3 Bg7 4. Bg2 O-O 5. Nc3 d6 6. Nf3 Nbd7 7. O-O e5 8. e4
exd4 9. Nxd4 Re8 10. h3 Nc5 11. Re1 a5 12. Ndb5 Bd7 13. Qc2 Be6 14. Na3 Nfd7 15.
Be3 Ne5 16. Nd5 Ned3 17. Reb1 f5 18. exf5 Bxf5 19. Qd2 Ne5 20. Bg5 Qd7 21. Re1
Bxh3 22. f4 Bxg2 23. Qxg2 Nf7 24. Bf6 Rxe1+ 25. Rxe1 Re8 26. Rxe8+ Qxe8 27. Bxg7
Qe1+ 28. Kh2 Kxg7 29. Nxc7 Nh6 30. Nc2 Ng4+ 31. Kh3 Nf2+ 32. Kh2 Ng4+ 33. Kh3
Nf2+ 34. Kh2 Qd2 35. Kg1 Nce4 36. Ne6+ Kf6 37. Ned4 Qd1+ 38. Qf1 Qh5 39. Qg2
Nh3+ 40. Kf1 Qd1+ 0-1

[Event "Reykjavik Open 2013"]
[Site "Reykjavik ISL"]
[Date "2013.02.22"]
[Round "5.16"]
[White "L'Ami, Erwin"]
[Black "Andersen, Mads"]
[Result "1/2-1/2"]
[WhiteTitle "GM"]
[BlackTitle "IM"]
[WhiteElo "2622"]
[BlackElo "2462"]
[WhiteFideId "1007998"]
[BlackFideId "1413864"]
[EventDate "2013.02.19"]

1. e4 e5 2. Nf3 Nc6 3. Bb5 Nf6 4. O-O Nxe4 5. d4 Nd6 6. Bxc6 dxc6 7. dxe5 Nf5 8.
Qxd8+ Kxd8 9. Nc3 Ke8 10. Ne2 b6 11. Re1 c5 12. Bf4 Bb7 13. Ng3 Bxf3 14. Nxf5
Bg4 15. Ne3 Be6 16. Rad1 c6 17. g4 h5 18. h3 hxg4 19. hxg4 c4 20. Kg2 Bc5 21.
Nf5 Bd5+ 22. Kg3 Rh7 23. f3 Kd7 24. Rh1 Rah8 25. Rxh7 Rxh7 26. c3 Ke6 27. Re1
Kd7 28. a4 g6 29. Nd6 Bxd6 30. exd6 f6 31. Kf2 a5 32. Bg3 c5 33. Re7+ 1/2-1/2

[Event "Reykjavik Open 2013"]
[Site "Reykjavik ISL"]
[Date "2013.02.22"]
[Round "5.17"]
[White "Kjartansson, Gudmundur"]
[Black "Grandelius, Nils"]
[Result "0-1"]
[WhiteTitle "IM"]
[BlackTitle "GM"]
[WhiteElo "2430"]
[BlackElo "2566"]
[WhiteFideId "2301318"]
[BlackFideId "1710400"]
[EventDate "2013.02.19"]

1. d4 Nf6 2. c4 e6 3. Nc3 Bb4 4. Qc2 c5 5. dxc5 O-O 6. Nf3 Na6 7. a3 Bxc3+ 8.
Qxc3 Nxc5 9. Nd2 d5 10. b4 Na4 11. Qb3 Bd7 12. e3 Rc8 13. Bb2 dxc4 14. Bxc4 b5
15. Be2 Bc6 16. Be5 Nd7 17. Bd4 a6 18. e4 e5 19. Be3 Nf6 20. Rd1 Bd7 21. Nb1 Qc7
22. Qa2 Be6 23. Qa1 Bb3 24. f3 Bxd1 25. Bxd1 Nc3 26. Bb3 Rfd8 27. Bc5 Nxb1 28.
Qxb1 Nd7 29. Be7 Qc3+ 30. Ke2 Nc5 31. Bd5 Ne6 32. Rd1 Nf4+ 33. Kf1 Nxd5 34. exd5
Qc4+ 35. Kf2 Rxd5 0-1

[Event "Reykjavik Open 2013"]
[Site "Reykjavik ISL"]
[Date "2013.02.22"]
[Round "5.19"]
[White "Li, Wenliang"]
[Black "Esen, Baris"]
[Result "1-0"]
[WhiteTitle "IM"]
[BlackTitle "GM"]
[WhiteElo "2411"]
[BlackElo "2565"]
[WhiteFideId "8600490"]
[BlackFideId "6302114"]
[EventDate "2013.02.19"]

1. d4 d5 2. c4 c6 3. Nc3 Nf6 4. cxd5 cxd5 5. Bf4 Nc6 6. e3 a6 7. Bd3 Bg4 8. Nge2
e6 9. Rc1 Bxe2 10. Bxe2 Bd6 11. Bxd6 Qxd6 12. O-O O-O 13. Qb3 Rab8 14. Rfd1 b5
15. Qc2 Ne7 16. a4 b4 17. Nb1 Rbc8 18. Qd3 Ra8 19. Nd2 Nc6 20. Nb3 Nd7 21. a5 g6
22. Rc2 Ra7 23. Rdc1 Ne7 24. Qd2 Rb8 25. Bf1 h5 26. Qd1 Kg7 27. Qf3 h4 28. Qg4
Rh8 29. Qf4 Qxf4 30. exf4 Rha8 31. Rc7 Nb8 32. R7c2 Nd7 33. Bd3 Nf6 34. Kf1 Nh5
35. g3 hxg3 36. hxg3 Nf6 37. Ke2 Ne8 38. Kf3 Kf6 39. Ke2 Kg7 40. Kf3 Kf6 41. g4
Kg7 42. Kg3 Nd6 43. f3 Kf8 44. Rh1 Kg7 45. Rch2 Nc6 46. Rh7+ Kf8 47. Rc1 Ne7 48.
Rh8+ Ng8 49. Rc6 Nc4 50. Bxc4 dxc4 51. Rxc4 Rb8 52. Rc1 Raa8 53. Nc5 Rd8 54. Rc4
Kg7 55. Rh1 Ne7 56. Ne4 Nd5 57. Ng5 Rh8 58. Rxh8 Rxh8 59. Rc6 Rh1 60. Rxa6 Rg1+
61. Kh2 Rb1 62. Ra7 Nxf4 63. Rxf7+ Kh6 64. Rxf4 Kxg5 65. Rf7 b3 66. a6 Kh4 67.
Rh7+ Kg5 68. a7 Rxb2+ 69. Kg3 Ra2 70. f4+ Kf6 71. g5+ Kf5 72. Kf3 e5 73. dxe5 b2
74. Rf7+ Ke6 75. Rf6+ Kd5 76. Rb6 Ra3+ 77. Kg4 Rxa7 78. Rxb2 Ke4 79. Re2+ Kd5
80. e6 Kd6 81. Re4 Ke7 82. f5 gxf5+ 83. Kxf5 Ra5+ 84. Re5 Ra1 85. Kg6 Rg1 86.
Kg7 Rg2 87. g6 Rh2 88. Kg8 Rh6 89. Kg7 Rh1 90. Ra5 Rg1 91. Ra7+ Ke8 92. Rf7 Rg2
93. Kf6 Rf2+ 94. Ke5 1-0

[Event "Reykjavik Open 2013"]
[Site "Reykjavik ISL"]
[Date "2013.02.22"]
[Round "5.21"]
[White "Diermair, Andreas"]
[Black "Maze, Sebastien"]
[Result "0-1"]
[WhiteTitle "IM"]
[BlackTitle "GM"]
[WhiteElo "2407"]
[BlackElo "2556"]
[WhiteFideId "1612468"]
[BlackFideId "613762"]
[EventDate "2013.02.19"]

1. d4 Nf6 2. c4 g6 3. Nc3 Bg7 4. e4 d6 5. Nf3 O-O 6. Be2 Na6 7. O-O e5 8. Be3
Ng4 9. Bg5 Qe8 10. h3 f6 11. Bc1 Nh6 12. Re1 Nf7 13. Rb1 c6 14. Bf1 Qe7 15. b4
Nc7 16. d5 f5 17. Rb3 cxd5 18. cxd5 f4 19. b5 Ne8 20. Na4 h5 21. Rc3 Bd7 22. Nh2
Nf6 23. Rc7 Rfc8 24. Rc3 Qe8 25. Qb3 g5 26. f3 Bf8 27. Bd2 Be7 28. Rec1 Rxc3 29.
Rxc3 Bd8 30. Be1 a6 31. Bf2 Bxb5 32. Bxb5 Qxb5 33. Qc2 Qe8 34. Nb6 Rb8 35. a4
Nd7 36. a5 Nxb6 37. Bxb6 Kg7 38. Bxd8 Qxd8 39. Rc7 b6 40. axb6 Rxb6 41. Nf1 Qb8
42. Kh2 Rb7 43. Rxb7 Qxb7 44. Qc6 Qa7 45. Nd2 Qf2 46. Nc4 g4 47. hxg4 hxg4 48.
Qd7 Qg3+ 49. Kh1 gxf3 50. gxf3 Qxf3+ 0-1

[Event "Reykjavik Open 2013"]
[Site "Reykjavik ISL"]
[Date "2013.02.22"]
[Round "5.22"]
[White "Kveinys, Aloyzas"]
[Black "Bekker-Jensen, Simon"]
[Result "1/2-1/2"]
[WhiteTitle "GM"]
[BlackTitle "IM"]
[WhiteElo "2533"]
[BlackElo "2405"]
[WhiteFideId "12800040"]
[BlackFideId "1403613"]
[EventDate "2013.02.19"]

1. d4 Nf6 2. Nf3 g6 3. c4 Bg7 4. g3 O-O 5. Bg2 d6 6. O-O c6 7. Nc3 Qa5 8. e4 e5
9. h3 Nbd7 10. Re1 exd4 11. Nxd4 Ne5 12. Bf1 Re8 13. Rb1 d5 14. b4 Qd8 15. cxd5
cxd5 16. Bg5 dxe4 17. Nxe4 Bf5 18. Nxf5 Qxd1 19. Nxf6+ Bxf6 20. Rexd1 Nf3+ 21.
Kg2 Nxg5 22. Nd6 Re7 23. Bc4 Rf8 24. Bd5 b6 25. Rbc1 Rd8 26. Bb3 Red7 27. Nb5
Ne4 28. Rxd7 Rxd7 29. Rc8+ Kg7 30. Ra8 Be7 1/2-1/2

[Event "Reykjavik Open 2013"]
[Site "Reykjavik ISL"]
[Date "2013.02.22"]
[Round "5.24"]
[White "Xiu, Deshun"]
[Black "Miedema, David"]
[Result "1-0"]
[WhiteTitle "GM"]
[BlackTitle "IM"]
[WhiteElo "2530"]
[BlackElo "2364"]
[WhiteFideId "8603693"]
[BlackFideId "1018477"]
[EventDate "2013.02.19"]

1. Nf3 Nf6 2. c4 c6 3. Nc3 d5 4. e3 a6 5. d4 b5 6. b3 Bg4 7. Be2 Nbd7 8. O-O e6
9. Bb2 Be7 10. h3 Bh5 11. Ne5 Bxe2 12. Nxe2 Nxe5 13. dxe5 Nd7 14. cxd5 cxd5 15.
Nf4 Rc8 16. Qg4 O-O 17. Rac1 Kh8 18. Rfd1 Rxc1 19. Rxc1 Qa5 20. Bd4 Rd8 21. Rc2
Nf8 22. Nd3 Rd7 23. f4 g6 24. Qd1 Rc7 25. a4 Rxc2 26. Qxc2 bxa4 27. bxa4 Kg7 28.
g4 Nd7 29. f5 Bh4 30. f6+ Kh6 31. Kg2 Nb6 32. Qc3 Qxa4 33. Bxb6 Qe4+ 34. Kg1 Qf3
35. Qd2 a5 36. Bc5 g5 37. Qc2 Qe4 38. Kh2 Kg6 39. Bd4 Kh6 40. Qc8 1-0

[Event "Reykjavik Open 2013"]
[Site "Reykjavik ISL"]
[Date "2013.02.22"]
[Round "5.25"]
[White "Danielsen, Henrik"]
[Black "Helin, Mikael"]
[Result "1-0"]
[WhiteTitle "GM"]
[WhiteElo "2507"]
[BlackElo "1910"]
[WhiteFideId "1400185"]
[BlackFideId "1703838"]
[EventDate "2013.02.19"]

1. g3 e5 2. c4 Nc6 3. Bg2 g6 4. Nc3 Bg7 5. Rb1 d6 6. b4 Nge7 7. e3 Bf5 8. d3 h6
9. b5 Na5 10. Nge2 Rb8 11. O-O Qd7 12. Ba3 b6 13. Bb4 Nb7 14. Qa4 O-O 15. Rfd1
Bg4 16. Qxa7 Kh7 17. Rd2 f5 18. Nd5 e4 19. dxe4 fxe4 20. Bxe4 Nxd5 21. Bxd5 Qf5
22. Rf1 Bf3 23. Nd4 Bxd4 24. Rxd4 g5 25. Bxf3 Qxf3 26. Qa4 Rbe8 27. Qc2+ Kg7 28.
Bc3 Kf7 29. Qh7+ 1-0

[Event "Reykjavik Open 2013"]
[Site "Reykjavik ISL"]
[Date "2013.02.22"]
[Round "5.26"]
[White "Handler, Lukas"]
[Black "Stefansson, Hannes"]
[Result "0-1"]
[WhiteTitle "FM"]
[BlackTitle "GM"]
[WhiteElo "2369"]
[BlackElo "2496"]
[WhiteFideId "1609580"]
[BlackFideId "2300087"]
[EventDate "2013.02.19"]

1. d4 Nf6 2. c4 e6 3. Nc3 Bb4 4. Qc2 O-O 5. a3 Bxc3+ 6. Qxc3 Ne4 7. Qc2 f5 8. e3
b6 9. Bd3 Bb7 10. Ne2 Qh4 11. Ng3 c5 12. O-O Rf6 13. Bxe4 Bxe4 14. Nxe4 fxe4 15.
b4 Nc6 16. Bb2 Rh6 17. h3 Rf8 18. d5 Rf3 19. dxc6 Rxh3 20. gxh3 Qg5+ 21. Kh2 Qg4 0-1

[Event "Reykjavik Open 2013"]
[Site "Reykjavik ISL"]
[Date "2013.02.22"]
[Round "5.27"]
[White "Muir, Andrew J"]
[Black "Smith, Axel"]
[Result "1/2-1/2"]
[WhiteTitle "IM"]
[BlackTitle "IM"]
[WhiteElo "2313"]
[BlackElo "2485"]
[WhiteFideId "2400138"]
[BlackFideId "1707930"]
[EventDate "2013.02.19"]

1. d4 d5 2. c4 c6 3. Nf3 Nf6 4. Nc3 dxc4 5. a4 Bf5 6. Ne5 Nbd7 7. Nxc4 Qc7 8. g3
e5 9. dxe5 Nxe5 10. Bf4 Nfd7 11. Bg2 g5 12. Ne3 gxf4 13. Nxf5 O-O-O 14. O-O fxg3
15. hxg3 h5 16. Qc2 h4 17. Ne4 hxg3 18. Nexg3 Ng6 19. Rfd1 Nh4 20. Rd4 Nxf5 21.
Qxf5 Bg7 22. Rd2 Kb8 23. Rad1 Ne5 24. Rxd8+ Rxd8 25. Rxd8+ Qxd8 26. Qe4 Ng6 27.
b4 Qe7 28. Nf5 Qxe4 29. Bxe4 Bf8 30. b5 Nf4 31. Kf1 cxb5 32. axb5 Kc7 33. e3 Ne6
34. Bd5 Kb6 35. Ke2 Kxb5 36. Bxb7 a5 37. Bd5 Kc5 1/2-1/2

[Event "Reykjavik Open 2013"]
[Site "Reykjavik ISL"]
[Date "2013.02.22"]
[Round "5.28"]
[White "Huang, Qian"]
[Black "Kislik, Erik Andrew"]
[Result "1/2-1/2"]
[WhiteTitle "WGM"]
[BlackTitle "IM"]
[WhiteElo "2478"]
[BlackElo "2359"]
[WhiteFideId "8602689"]
[BlackFideId "2022702"]
[EventDate "2013.02.19"]

1. Nf3 d5 2. d4 Nf6 3. c4 e6 4. Nc3 Be7 5. Bg5 h6 6. Bxf6 Bxf6 7. Qb3 dxc4 8.
Qxc4 O-O 9. e3 Nd7 10. Be2 e5 11. Rd1 exd4 12. Nxd4 Nb6 13. Qc5 Qe7 14. Qxe7
Bxe7 15. O-O c6 16. a3 Rd8 17. Rd2 Nd5 18. Nxd5 Rxd5 19. Rfd1 Bf6 20. Bc4 Rd8
21. f3 Kf8 22. Kf2 h5 23. g3 g6 24. Ba2 Ke8 25. e4 Bd7 26. Ne2 Be6 27. Bxe6 fxe6
28. Nf4 Rxd2+ 29. Rxd2 Bg5 30. Rc2 Bxf4 31. gxf4 Rd8 32. Ke2 Ke7 33. Rc5 a6 34.
h4 Kf6 35. Rc1 Rd7 36. Ke3 Rd8 37. b4 Rd7 38. a4 Rd8 39. a5 Rd7 40. Rc4 Ke7 41.
Rc1 Rd8 42. Rg1 Kf6 43. Rg2 Kf7 44. Rd2 Rxd2 45. Kxd2 Ke8 46. Kc3 Kd7 47. Kd3
Kc7 48. Kd4 Kd6 49. f5 gxf5 50. f4 fxe4 51. Kxe4 Kd7 52. Ke5 Ke7 53. Kd4 Kd6 54.
Ke4 Kd7 55. Kd4 Kd6 56. Ke4 Ke7 57. Ke5 1/2-1/2

[Event "Reykjavik Open 2013"]
[Site "Reykjavik ISL"]
[Date "2013.02.22"]
[Round "5.30"]
[White "Ptacnikova, Lenka"]
[Black "Sokolov, Ivan"]
[Result "0-1"]
[WhiteTitle "WGM"]
[BlackTitle "GM"]
[WhiteElo "2269"]
[BlackElo "2644"]
[WhiteFideId "305650"]
[BlackFideId "14400030"]
[EventDate "2013.02.19"]

1. c4 e5 2. g3 h5 3. h4 Bc5 4. Nc3 Nc6 5. Nf3 d6 6. Na4 Bg4 7. Bg2 e4 8. Ng5 Nd4
9. Nc3 Nf6 10. Ngxe4 Nxe4 11. Bxe4 c6 12. d3 O-O 13. O-O f5 14. Bg2 f4 15. Bxf4
Rxf4 16. gxf4 Qxh4 17. Qd2 Re8 18. Rae1 Bh3 19. Bxh3 Qxh3 20. Ne4 Nf5 21. e3 Bb4
22. Qe2 Nh4 23. f3 Bxe1 0-1

[Event "Reykjavik Open 2013"]
[Site "Reykjavik ISL"]
[Date "2013.02.22"]
[Round "5.31"]
[White "Kuzubov, Yuriy"]
[Black "Beeke, Bob"]
[Result "1-0"]
[WhiteTitle "GM"]
[WhiteElo "2622"]
[BlackElo "2257"]
[WhiteFideId "14112906"]
[BlackFideId "1011634"]
[EventDate "2013.02.19"]

1. d4 d5 2. c4 c6 3. Nf3 Nf6 4. Nc3 e6 5. Bg5 h6 6. Bh4 dxc4 7. e4 g5 8. Bg3 b5
9. Ne5 Bb7 10. Be2 h5 11. h4 g4 12. O-O Nbd7 13. Qc2 Bg7 14. Rad1 a6 15. Nxd7
Qxd7 16. e5 Nd5 17. Ne4 Bf8 18. b3 c3 19. Bc4 Be7 20. Bxd5 cxd5 21. Nxc3 Bc6 22.
Ne2 b4 23. Rc1 Bb5 24. Rfe1 Qa7 25. Nf4 Rd8 26. Qd2 Kd7 27. Nxd5 exd5 28. e6+
fxe6 29. Qe3 Ke8 30. Qxe6 Qd7 31. Qg6+ Kf8 32. Rc7 Qe8 33. Qf5+ Qf7 34. Qxf7+
Kxf7 35. Rexe7+ Kg6 36. Be5 Rhf8 37. f3 gxf3 38. Rg7+ Kf5 39. gxf3 Bd3 40. Rc6 1-0

[Event "Reykjavik Open 2013"]
[Site "Reykjavik ISL"]
[Date "2013.02.22"]
[Round "5.32"]
[White "Williams, Simon K"]
[Black "Wang, Yiye"]
[Result "1-0"]
[WhiteTitle "GM"]
[WhiteElo "2498"]
[BlackElo "2226"]
[WhiteFideId "404454"]
[BlackFideId "8606021"]
[EventDate "2013.02.19"]

1. d4 Nf6 2. Nf3 c5 3. d5 b5 4. Bg5 Qa5+ 5. c3 Ne4 6. Bf4 d6 7. Qc2 Nf6 8. e4 g6
9. Nbd2 Bg7 10. a4 b4 11. Nb3 Qb6 12. Bb5+ Bd7 13. cxb4 Bxb5 14. bxc5 dxc5 15.
axb5 Qxb5 16. Qxc5 Qxc5 17. Nxc5 Nbd7 18. Na6 O-O 19. Nd2 Nh5 20. Be3 Bxb2 21.
Rb1 Bc3 22. Rb7 Ne5 23. Rxe7 f5 24. exf5 Nd3+ 25. Kd1 Rxf5 26. Ne4 Bf6 27. Re6
Rd8 28. Nc7 Nb4 29. Ke2 Bg7 30. d6 Ra5 31. g4 Ra2+ 32. Kf3 Rf8+ 33. Kg2 Nc2 34.
Bd2 Nf6 35. Nxf6+ Bxf6 36. Bh6 Bg7 37. Bxg7 Kxg7 38. Re7+ 1-0

[Event "Reykjavik Open 2013"]
[Site "Reykjavik ISL"]
[Date "2013.02.22"]
[Round "5.33"]
[White "Hambleton, Aman"]
[Black "Maack, Kjartan"]
[Result "1/2-1/2"]
[WhiteTitle "FM"]
[WhiteElo "2472"]
[BlackElo "2136"]
[WhiteFideId "2606577"]
[BlackFideId "2301806"]
[EventDate "2013.02.19"]

1. d4 e6 2. c4 f5 3. Nc3 Nf6 4. Qc2 d5 5. e3 c6 6. Bd3 Be7 7. Nge2 O-O 8. O-O
Ne4 9. f3 Nxc3 10. Nxc3 Bf6 11. Bd2 g6 12. Rad1 b6 13. b4 Bb7 14. b5 Qe7 15. Qb3
Rd8 16. Rfe1 Kg7 17. a4 c5 18. dxc5 Qxc5 19. cxd5 exd5 20. Ne2 Nd7 21. Rc1 Qd6
22. Bb4 Nc5 23. Qa3 Rac8 24. Nd4 Qe5 25. Bb1 Qe8 26. Bc3 Ne6 27. Qa1 Nxd4 28.
Bxd4 Qe7 29. a5 bxa5 30. Rxc8 Rxc8 31. Qxa5 Bxd4 32. exd4 Rc1 33. Kf2 Rxe1 34.
Qxe1 Qh4+ 35. Kf1 Qxe1+ 36. Kxe1 f4 37. g3 fxg3 38. hxg3 Kf6 39. Kd2 Ke6 40. g4
Bc8 41. g5 Kd6 42. Bd3 Bd7 43. Kc3 Kc7 44. Kb4 Kb6 45. f4 Bf5 46. Be2 Be4 47.
Bg4 Bf5 48. Bf3 Be4 49. Be2 Bf5 50. Bd1 Be4 51. Bg4 Bf5 52. Be2 Be4 53. Ka4 Bc2+
54. Kb4 Be4 55. Bd1 Bf5 56. Bb3 Be4 57. Ka4 Bf3 58. Bc2 Be4 59. Bb3 Bf3 60. Kb4
Be4 61. Bd1 Bf5 62. Bf3 Be4 63. Bg4 Bf5 64. Bxf5 gxf5 65. Ka4 a5 66. bxa6 1/2-1/2

[Event "Reykjavik Open 2013"]
[Site "Reykjavik ISL"]
[Date "2013.02.22"]
[Round "5.34"]
[White "Lou, Yiping"]
[Black "Karason, Askell O"]
[Result "1-0"]
[WhiteTitle "IM"]
[WhiteElo "2468"]
[BlackElo "2235"]
[WhiteFideId "8603928"]
[BlackFideId "2300567"]
[EventDate "2013.02.19"]

1. d4 d6 2. Nf3 Bg4 3. e4 Nf6 4. Nc3 e6 5. h3 Bh5 6. Be3 Be7 7. g4 Bg6 8. e5 Ne4
9. Ne2 Nc6 10. Bg2 dxe5 11. Nxe5 Nxe5 12. dxe5 Qxd1+ 13. Rxd1 c6 14. h4 Nc5 15.
Nd4 h5 16. Nxc6 Bxc2 17. Nxe7 Nd3+ 18. Rxd3 Bxd3 19. Bc5 Ba6 20. b4 Rd8 21. a4
f6 22. b5 b6 23. bxa6 bxc5 24. Nc6 Rd7 25. exf6 hxg4 26. Ne5 gxf6 27. Nxd7 Kxd7
28. Ke2 f5 29. Rb1 f4 30. Be4 f3+ 31. Ke3 Rxh4 32. Rb7+ Kd6 33. Rxa7 Ke5 34. Rg7
g3 35. Rg5+ Kf6 36. Rxg3 1-0

[Event "Reykjavik Open 2013"]
[Site "Reykjavik ISL"]
[Date "2013.02.22"]
[Round "5.36"]
[White "Steindorsson, Sigurdur P."]
[Black "Hagen, Andreas Skytte"]
[Result "0-1"]
[BlackTitle "IM"]
[WhiteElo "2235"]
[BlackElo "2411"]
[WhiteFideId "2301229"]
[BlackFideId "1407341"]
[EventDate "2013.02.19"]

1. c4 Nf6 2. Nc3 g6 3. g3 Bg7 4. Bg2 O-O 5. Nf3 d6 6. d4 Nbd7 7. O-O e5 8. dxe5
dxe5 9. Bg5 h6 10. Bxf6 Qxf6 11. Qc2 Qe7 12. Nh4 c6 13. Rad1 Nf6 14. Rd2 Re8 15.
e4 Nh7 16. h3 Be6 17. b3 Rad8 18. Rfd1 Nf8 19. Kh2 Bc8 20. Rxd8 Rxd8 21. Rxd8
Qxd8 22. Qd1 Qa5 23. Na4 Qc7 24. Qd2 Ne6 25. Nf3 Bf8 26. Qc3 f6 27. Qd2 Qd7 28.
Qxd7 Bxd7 29. h4 Nc5 30. Nxc5 Bxc5 31. Kg1 Kf7 32. Ne1 Ke7 33. Kf1 a5 34. Nc2
Kd6 35. Ke2 Be6 36. f4 a4 37. Ne3 Bxe3 38. Kxe3 axb3 39. axb3 Kc5 40. Kd3 Kb4
41. Kc2 b5 42. f5 gxf5 43. exf5 0-1

[Event "Reykjavik Open 2013"]
[Site "Reykjavik ISL"]
[Date "2013.02.22"]
[Round "5.37"]
[White "Ris, Robert"]
[Black "Drill, Frank"]
[Result "1-0"]
[WhiteTitle "IM"]
[WhiteElo "2407"]
[BlackElo "2124"]
[WhiteFideId "1011480"]
[BlackFideId "4609387"]
[EventDate "2013.02.19"]

1. Nf3 d6 2. d4 Bg4 3. c4 e5 4. g3 Bxf3 5. exf3 exd4 6. Qxd4 Nc6 7. Qd1 Qf6 8.
Bg2 Nge7 9. O-O g5 10. Nc3 Bg7 11. Ne4 Qg6 12. Nxg5 O-O-O 13. Qa4 h5 14. h4 Bd4
15. f4 Rdg8 16. Be4 Qg7 17. Kg2 Bb6 18. Rb1 f6 19. Nf3 Qg4 20. Qc2 Kb8 21. b4 f5
22. Bxc6 Nxc6 23. Bb2 Nxb4 24. Qb3 Bxf2 25. Ng5 Rxg5 26. Rxf2 Re8 27. hxg5 h4
28. Qf3 h3+ 29. Kh2 Qxf3 30. Rxf3 Re2+ 31. Kxh3 1-0

[Event "Reykjavik Open 2013"]
[Site "Reykjavik ISL"]
[Date "2013.02.22"]
[Round "5.38"]
[White "Thorfinnsson, Bjorn"]
[Black "Raddatz, Michael"]
[Result "1-0"]
[WhiteTitle "IM"]
[WhiteElo "2386"]
[BlackElo "2075"]
[WhiteFideId "2300982"]
[BlackFideId "4613252"]
[EventDate "2013.02.19"]

1. d4 Nf6 2. c4 g6 3. Nc3 Bg7 4. e4 d6 5. f4 O-O 6. Nf3 c6 7. Be2 a6 8. a4 b6 9.
O-O Bb7 10. Ra3 b5 11. Rb3 Qc7 12. e5 Nfd7 13. axb5 axb5 14. e6 fxe6 15. Ng5 e5
16. fxe5 dxe5 17. Bg4 exd4 18. Be6+ Kh8 19. Nd5 cxd5 20. Rh3 h6 21. Rxf8+ Bxf8
22. Qxd4+ Nf6 23. Nf7+ Kh7 24. Nxh6 Ra1 25. Ng4+ Kg7 26. Rh7+ Kxh7 27. Nxf6+
exf6 28. Qh4+ Kg7 29. Qh6# 1-0

[Event "Reykjavik Open 2013"]
[Site "Reykjavik ISL"]
[Date "2013.02.22"]
[Round "5.39"]
[White "Valenti, Giuseppe"]
[Black "Arngrimsson, Dagur"]
[Result "0-1"]
[WhiteTitle "FM"]
[BlackTitle "IM"]
[WhiteElo "2204"]
[BlackElo "2375"]
[WhiteFideId "801119"]
[BlackFideId "2301288"]
[EventDate "2013.02.19"]

1. e4 c5 2. Nf3 Nc6 3. d4 cxd4 4. Nxd4 Qb6 5. Nb3 Nf6 6. Nc3 e6 7. Be3 Qc7 8.
Bd3 a6 9. f4 h5 10. Qf3 b5 11. h3 Bb7 12. Qf2 d6 13. a4 b4 14. Nb1 d5 15. N1d2
Nb8 16. Bb6 Qc8 17. e5 Nfd7 18. Be3 Nc6 19. Nf3 Be7 20. Qg3 g6 21. O-O Qc7 22.
Ng5 Bxg5 23. Qxg5 Ne7 24. Bd4 Nf5 25. Bxf5 gxf5 26. Rf2 a5 27. Qg7 Rf8 28. Qg5
Ba6 29. Qxh5 O-O-O 30. Qd1 Rh8 31. c3 Rdg8 32. Kh2 f6 33. exf6 e5 34. fxe5 Nxe5
35. Bxe5 Qxe5+ 36. Kh1 d4 37. Nxa5 Qxa5 38. Qxd4 Qc7 39. Qf4 Rxh3+ 40. gxh3 Bb7+
41. Kh2 Rg2+ 0-1

[Event "Reykjavik Open 2013"]
[Site "Reykjavik ISL"]
[Date "2013.02.22"]
[Round "5.40"]
[White "Bjarnason, Saevar"]
[Black "Mammadova, Gulnar"]
[Result "1/2-1/2"]
[WhiteTitle "IM"]
[BlackTitle "WGM"]
[WhiteElo "2133"]
[BlackElo "2369"]
[WhiteFideId "2300176"]
[BlackFideId "13403508"]
[EventDate "2013.02.19"]

1. e4 e6 2. d4 d5 3. Nc3 Bb4 4. Ne2 Nf6 5. e5 Nfd7 6. a3 Be7 7. Be3 c5 8. f4 Nc6
9. dxc5 Nxc5 10. g3 O-O 11. Bg2 Nd7 12. O-O f6 13. exf6 Nxf6 14. h3 Rb8 15. f5
exf5 16. Nxd5 Be6 17. Nef4 Bf7 18. c4 Ne4 19. Nxe7+ Qxe7 20. Nd5 Qe6 21. Kh2
Rbd8 22. Qe1 Qe5 23. b4 Bxd5 24. cxd5 Rxd5 25. Bf4 Qb2 26. Rb1 Qxa3 27. g4 Rdd8
28. gxf5 Nf6 29. Rf3 Qa2 30. Rf2 Qf7 31. Qe6 Qxe6 32. fxe6 Rfe8 33. b5 Nd4 34.
Bxb7 Rxe6 35. Rd1 Ne4 36. Rff1 Re7 37. Bc6 g5 38. Bc1 Nxc6 39. bxc6 Rxd1 40.
Rxd1 Rc7 41. Be3 Rxc6 42. Bxa7 Rc2+ 43. Kg1 Kf7 44. Be3 Kg6 45. Rd4 Ng3 46. Rd5
Nf5 47. Bf2 h6 48. Rc5 Rd2 49. Ra5 Rd6 50. Rb5 h5 51. Rb6 Rf6 52. Rxf6+ Kxf6 53.
Kg2 Nd6 54. Kf3 Kf5 55. Bb6 Ne4 56. Bc7 1/2-1/2

[Event "Reykjavik Open 2013"]
[Site "Reykjavik ISL"]
[Date "2013.02.22"]
[Round "5.41"]
[White "L'Ami, Alina"]
[Black "Rodriguez Fonseca, Jorge"]
[Result "1-0"]
[WhiteTitle "WGM"]
[WhiteElo "2362"]
[BlackElo "2009"]
[WhiteFideId "1210246"]
[BlackFideId "2224658"]
[EventDate "2013.02.19"]

1. d4 g6 2. c4 Bg7 3. Nc3 f5 4. h4 Nc6 5. e3 e5 6. d5 Nb8 7. e4 d6 8. h5 f4 9.
g3 Nh6 10. hxg6 hxg6 11. gxf4 Ng4 12. Rxh8+ Bxh8 13. Nf3 exf4 14. Bxf4 Bxc3+ 15.
bxc3 Qf6 16. Qd2 Na6 17. Nd4 Nc5 18. O-O-O g5 19. Bxg5 Qxf2 20. Nb5 Qf7 21. Qf4
a6 22. Qxf7+ Kxf7 23. Nxc7 Ra7 24. Bh3 b5 25. Ne6 Nf2 26. Rf1 Nd3+ 27. Kc2 bxc4
28. Be3 Re7 29. Bxf2 Bxe6 30. Bxe6+ 1-0

[Event "Reykjavik Open 2013"]
[Site "Reykjavik ISL"]
[Date "2013.02.22"]
[Round "5.42"]
[White "Ofstad, Sigurd"]
[Black "Cherednichenko, Svetlana"]
[Result "0-1"]
[BlackTitle "WGM"]
[WhiteElo "1985"]
[BlackElo "2307"]
[WhiteFideId "1507729"]
[BlackFideId "14105551"]
[EventDate "2013.02.19"]

1. f4 g6 2. Nf3 Bg7 3. g3 d6 4. d3 e5 5. fxe5 dxe5 6. e4 Nc6 7. Bg2 Nge7 8. Nc3
O-O 9. Be3 Nd4 10. Qd2 Bg4 11. Rf1 b5 12. O-O-O b4 13. Ne2 c5 14. Nexd4 cxd4 15.
Bh6 Qa5 16. Bxg7 Kxg7 17. Kb1 Rac8 18. Rc1 Rc6 19. a3 Rb6 20. Qe1 Bxf3 21. Bxf3
Rc8 22. Bd1 Rc3 23. Ka2 Rxa3+ 24. bxa3 Qxa3+ 25. Kb1 Ra6 26. c4 Qa2# 0-1